Comparative government and politics (Record no. 747)

MARC details
000 -LEADER
fixed length control field 00482cam a2200181ua 4500
008 - FIXED-LENGTH DATA ELEMENTS--GENERAL INFORMATION
fixed length control field 110420n ii |||gr||||Z||||||eng
040 ## - CATALOGING SOURCE
Transcribing agency MAIN
082 ## - DEWEY DECIMAL CLASSIFICATION NUMBER
Classification number 320.3
245 1# - TITLE STATEMENT
Title Comparative government and politics
Statement of responsibility, etc. by S.R. Maheshwari
250 ## - EDITION STATEMENT
Edition statement 2nd.
260 ## - PUBLICATION, DISTRIBUTION, ETC.
Place of publication, distribution, etc. Agra:
Name of publisher, distributor, etc. Lakshmi narain agarwal,985.
300 ## - PHYSICAL DESCRIPTION
Extent 223p.:
Dimensions 8cm.
700 ## - ADDED ENTRY--PERSONAL NAME
Personal name Maheshwari, S.R.,
Relator term
942 ## - ADDED ENTRY ELEMENTS (KOHA)
Koha item type Books
653 ## - INDEX TERM--UNCONTROLLED
Uncontrolled term Political science
653 ## - INDEX TERM--UNCONTROLLED
Uncontrolled term Comparative government and politics
Holdings
Withdrawn status Lost status Damaged status Not for loan Home library Current library Shelving location Date acquired Total Checkouts Full call number Barcode Date last seen Copy number Price effective from Koha item type
        Central Library, Naharkatiya College Central Library, Naharkatiya College   19/09/2020   320.3 | MAH 477 19/09/2020 1 19/09/2020 Books

Naharkatiya College © 2020. All rights reserved.

Powered By